000 00504nam a2200169Ia 4500
003 GCL
008 140319s9999 xx 000 0 ara d
040 _aGCL /
_cGCL
082 0 4 _a912
_bا ج
100 1 _aاحمد نجم الدين فليجة
245 1 0 _aالجغرافيا العملية والخرائط /
_cاحمد نجم الدين فليجة
490 _a
650 0 4 _aالجغرافيا الرياضية
650 0 4 _aالخرائط
650 0 4 _aرسم الخرائط
942 _2ddc
_cBK
999 _c39097
_d39097